<?xml version="1.0" encoding="UTF-8"?><?xml-stylesheet type="text/xsl" href="static/style.xsl"?><OAI-PMH xmlns="http://www.openarchives.org/OAI/2.0/" xmlns:xsi="http://www.w3.org/2001/XMLSchema-instance" xsi:schemaLocation="http://www.openarchives.org/OAI/2.0/ http://www.openarchives.org/OAI/2.0/OAI-PMH.xsd"><responseDate>2026-04-17T03:02:09Z</responseDate><request verb="GetRecord" identifier="oai:www.recercat.cat:2445/111028" metadataPrefix="marc">https://recercat.cat/oai/request</request><GetRecord><record><header><identifier>oai:recercat.cat:2445/111028</identifier><datestamp>2025-12-05T10:08:02Z</datestamp><setSpec>com_2072_1057</setSpec><setSpec>col_2072_478917</setSpec><setSpec>col_2072_478929</setSpec></header><metadata><record xmlns="http://www.loc.gov/MARC21/slim" xmlns:dcterms="http://purl.org/dc/terms/" xmlns:xsi="http://www.w3.org/2001/XMLSchema-instance" xmlns:doc="http://www.lyncode.com/xoai" xsi:schemaLocation="http://www.loc.gov/MARC21/slim http://www.loc.gov/standards/marcxml/schema/MARC21slim.xsd">
   <leader>00925njm 22002777a 4500</leader>
   <datafield ind2=" " ind1=" " tag="042">
      <subfield code="a">dc</subfield>
   </datafield>
   <datafield ind2=" " ind1=" " tag="720">
      <subfield code="a">Prado, M. de</subfield>
      <subfield code="e">author</subfield>
   </datafield>
   <datafield ind2=" " ind1=" " tag="720">
      <subfield code="a">Ripoll, P. L.</subfield>
      <subfield code="e">author</subfield>
   </datafield>
   <datafield ind2=" " ind1=" " tag="720">
      <subfield code="a">Vaquero, J.</subfield>
      <subfield code="e">author</subfield>
   </datafield>
   <datafield ind2=" " ind1=" " tag="720">
      <subfield code="a">Golanó, Pau</subfield>
      <subfield code="e">author</subfield>
   </datafield>
   <datafield ind2=" " ind1=" " tag="260">
      <subfield code="c">2017-05-15T12:22:03Z</subfield>
   </datafield>
   <datafield ind2=" " ind1=" " tag="260">
      <subfield code="c">2017-05-15T12:22:03Z</subfield>
   </datafield>
   <datafield ind2=" " ind1=" " tag="260">
      <subfield code="c">2003-01</subfield>
   </datafield>
   <datafield ind2=" " ind1=" " tag="260">
      <subfield code="c">2017-05-15T12:22:03Z</subfield>
   </datafield>
   <datafield ind2=" " ind1=" " tag="520">
      <subfield code="a">Objetivo: Se presenta la experiencia del tratamiento del hallux valgus mediante la realización de osteotomía distal del primer metatarsiano y osteotomía de la falange con liberación del abductor por técnicas percutáneas. Material y método: Desde junio de 1996 hasta junio de 1997 han sido intervenidos 64 pacientes, la mayor parte mujeres con hallux valgus de grado moderado con un ángulo intermetatarsiano medio de 14.5° y un ángulo del complejo articular proximal (PASA) de 17,7° de media. Resultados: Los resultados obtenidos desde el punto de vista radiológico pusieron de manifiesto una corrección media de 5° del ángulo intermetatarsal y se obtiene un valor medio del PASA de 8,2°. La consolidación de las osteotomías se consiguió en el 100% de los pies sin retardos de consolidación significativos, salvo en un caso que precisó más de tres meses. Por lo que se refiere a las complicaciones, al no utilizar ningún medio de fijación, el desplazamiento de las osteotomías fue muy frecuente, pero sólo en un 8% de la serie tuvieron repercusión clínica. El acortamiento del primer metarsiano fue la norma alcanzando como media 0,7 cm, lo que se intentó compensar con un descenso de la cabeza del primer metatarsiano; la metatarsalgia por trasferencia en esta serie ocurrió en el 25% de los casos. No se presentaron alteraciones neurológicas, infección ni síndromes flebíticos postquiriírgicos. Conclusión: Parece que la técnica de Reverdin-Isham, por vía percutánea, es un buen método para el tratamiento del hallux valgus. ya que proporciona unos resultados clínicos muy aceptables, sin presentar complicaciones importantes; en el momento actual hay que asociar con mucha más frecuencia la realineación metatarsal a la cirugía del hallux valgus para evitar las metatarsalgias por trasferencia.</subfield>
   </datafield>
   <datafield tag="653" ind2=" " ind1=" ">
      <subfield code="a">Podologia</subfield>
   </datafield>
   <datafield tag="653" ind2=" " ind1=" ">
      <subfield code="a">Cirurgia ortopèdica</subfield>
   </datafield>
   <datafield tag="653" ind2=" " ind1=" ">
      <subfield code="a">Malformacions del peu</subfield>
   </datafield>
   <datafield tag="653" ind2=" " ind1=" ">
      <subfield code="a">Podiatry</subfield>
   </datafield>
   <datafield tag="653" ind2=" " ind1=" ">
      <subfield code="a">Orthopedic surgery</subfield>
   </datafield>
   <datafield tag="653" ind2=" " ind1=" ">
      <subfield code="a">Foot abnormalities</subfield>
   </datafield>
   <datafield ind2="0" ind1="0" tag="245">
      <subfield code="a">Tratamiento quirúrgico percutáneo del hallux valgus mediante osteotomías múltiples</subfield>
   </datafield>
</record></metadata></record></GetRecord></OAI-PMH>